Ведомости удержаний из зарплаты (жалованья) служащих Совета съездов в ссудо-сберегательную кассу

Доступно только в Электронных читальных залах Найти на картеНа карте
RUSMARC
00003635nmc2a22002413x 450
001f9a9b4e7-d0a8-4da8-8dcd-6de716821f17
00520210405230802.0
100##$a20201009l19111912k l0rusy0189 ca
1010#$arus
102##$aRU
105##$ay###
1222#$ad
2001#$aВедомости удержаний из зарплаты (жалованья) служащих Совета съездов в ссудо-сберегательную кассу
$jянварь 1911 г. - декабрь 1912 г.
215##$a50 л.
$d36,5х26 см
251##$cДело
300##$aСсудо-сберегательная касса
371##$aДокумент не является опубликованным и широко распространяемым
461#0$1001462bc950-73da-43c4-909a-7b2c52d22778
$12001
$aСовет съездов представителей промышленности и торговли
$1251
$cФонд
$1852
$j32
462#0$10016d63d908-4edb-4782-94eb-bfaf477d4f70
$12001
$aОпись № 1
$1251
$cОпись
$1852
$j1
801#0$aRU
$bРГИА
$c20201009
$gRCR
801#1$aRU
$bГлавНИВЦ
$c20201009
$2rusmarc
801#2$aRU
$bПБ им. Б.Н. Ельцина
$c20210405
$gRCR
$2rusmarc
850##$aРГИА
852##$aРГИА
$eФедеральное казенное учреждение "Российский государственный исторический архив" (РГИА)
$j2339
937##$hРГИА
$d12352480
$aASBIBLIO_SCAN
035##$aRusGRCC00013705
856##$uhttp://readingroom.main.prlib.ru/item.aspx?id_node=n161222877&mode=full
Формат отображения